Normal view MARC view
  • Kirkpatrick, Edwin A.

Entry Nombre Personal

Number of records used in: 1

001 - NUMERO DE CONTROL

  • campo de control: 52996

003 - IDENTIFICADOR DE NUMERO DE CONTROL

  • campo de control: DLC

005 - FECHA Y HORA DE LA ÜLTIMA TRANSACCIÓN

  • campo de control: 20240812101520.0

008 - DATOS DE LONGITUD FIJA

  • campo de control de longitud fija: 881013n| acannaab| |a aaa ||| c

010 ## - NÚMERO DE CONTROL DE LA BIBLIOTECA DEL CONGRESO

  • Número de control LC: n 88129967
  • Número de Control LC Cancelado/inválido: n 88663027

040 ## - FUENTE DE CATALOGACIÓN

  • Agencia original de catalogación: MnHi
  • Lenguaje de catalogación: spa
  • Agencia de transcripción: DLC
  • Agencia que lo modifica: DLC
  • Agencia que lo modifica: MX-MxUPN

100 1# - ENCABEZAMIENTO - NOMBRE PERSONAL

  • Nombre personal: Kirkpatrick, Edwin A.
  • Fuller form of name: (Edwin Asbury),
  • Fechas asociadas con el nombre: 1862-1937

400 10 - VEÁSE - NOMBRE DE PERSONA

  • Control subfield: nna
  • Personal name: Kirkpatrick, Edwin Asbury,
  • Dates associated with a name: 1862-1937

400 10 - VEÁSE - NOMBRE DE PERSONA

  • Personal name: Kirkpatrick, E. A.
  • Fuller form of name: (Edwin Asbury),
  • Dates associated with a name: 1862-1937

670 ## - FUENTE EN LA QUE SE LOCALIZARON DATOS

  • Cita de la fuente: Inductive psychology, 1893:
  • Información localizada: portada (E.A. Kirkpatrick)

670 ## - FUENTE EN LA QUE SE LOCALIZARON DATOS

  • Cita de la fuente: LC in OCLC, 9-15-88
  • Información localizada: (hdg: Kirkpatrick, Edwin Asbury, 1862-1937; usage not given)

670 ## - FUENTE EN LA QUE SE LOCALIZARON DATOS

  • Cita de la fuente: OCLC database, 9-15-88
  • Información localizada: (usage: E.A. Kirkpatrick; Edwin A. Kirkpatrick)

670 ## - FUENTE EN LA QUE SE LOCALIZARON DATOS

  • Cita de la fuente: Los fundamentos del estudio del niño, 1917:
  • Información localizada: portada (Edwin A. Kirkpatrick)

902 ## - CATALOGADOR

  • Catalogador: Víctor Ruiz/120824